[Event "To Bind or Not to Bind"]
[Site "SchemingMind.com"]
[Date "2008.02.14"]
[Round "-"]
[White "AaronB"]
[Black "Louis Lima"]
[Result "1-0"]
[WhiteCountry "USA"]
[BlackCountry "ESP"]
[WhiteElo "1702"]
[WhiteRD "70"]
[BlackElo "1597"]
[BlackRD "68"]
[GameID "141820"]

1. e4 c5 2. f4 d5 3. exd5 Qxd5 4. Nc3 Qe6+ 5. Be2 Nc6 6. Nf3 g6 7. O-O Bg7 8. d4 Nxd4 9. Nxd4 Bxd4+ 10. Kh1 Nf6
11. Nb5 Qd7 12. c3 a6 13. Nxd4 cxd4 14. Qxd4 Qxd4 15. cxd4 O-O 16. b3 Bf5 17. Ba3 Nd5 18. Rac1 Rfc8 19. Bf3 e6 20. Rxc8+ Rxc8
21. Rc1
1-0

[Event "To Bind or Not to Bind"]
[Site "SchemingMind.com"]
[Date "2008.02.13"]
[Round "-"]
[White "AaronB"]
[Black "Rhel"]
[Result "0-1"]
[WhiteCountry "USA"]
[BlackCountry "GBR"]
[WhiteElo "1715"]
[WhiteRD "68"]
[BlackElo "2201"]
[BlackRD "97"]
[GameID "141821"]

1. e4 c5 2. c3 g6 3. Nf3 Nc6 4. Bb5 Bg7 5. O-O Nf6 6. Re1 O-O 7. d4 cxd4 8. cxd4 d5 9. Nc3 Nxe4 10. Nxe4 dxe4
11. Rxe4 Bf5 12. Rf4 Rc8 13. b3 a6 14. Bxc6 Rxc6 15. Bb2 Qd6 16. Ne5 Rc7 17. Rxf5 gxf5 18. Nf3 Rfc8 19. Ne1 Qd5 20. Rc1 Rxc1
21. Bxc1 Qxd4 22. Qd2 Qxd2 23. Bxd2 Bc3 24. Bxc3 Rxc3 25. Kf1 Rc1 26. Ke2 Ra1 27. a4 Rb1 28. Nd3 Rxb3 29. Nc5 Rb2+ 30. Ke3 a5
31. g3 b6 32. Nd7 b5 33. axb5 Rxb5 34. Kd4 a4 35. Kc4 Rb1 36. Nc5 Rc1+ 37. Kb4 Rxc5 38. Kxa4 Kg7 39. Kb3 Kf6 40. Kb4 Rc8
0-1

[Event "To Bind or Not to Bind"]
[Site "SchemingMind.com"]
[Date "2008.02.14"]
[Round "-"]
[White "AaronB"]
[Black "gryg91"]
[Result "1-0"]
[WhiteCountry "USA"]
[BlackCountry "POL"]
[WhiteElo "1714"]
[WhiteRD "65"]
[BlackElo "1184"]
[BlackRD "133"]
[GameID "141822"]

1. e4 d5 2. exd5 Nf6 3. d4 Nxd5 4. Nf3 Bg4 5. Be2 e6 6. O-O Be7 7. c4 Nf6 8. Bf4 O-O 9. Nc3 c5 10. Nb5 Na6
11. a3
1-0

[Event "To Bind or Not to Bind"]
[Site "SchemingMind.com"]
[Date "2008.02.14"]
[Round "-"]
[White "Louis Lima"]
[Black "AaronB"]
[Result "0-1"]
[WhiteCountry "ESP"]
[BlackCountry "USA"]
[WhiteElo "1597"]
[WhiteRD "68"]
[BlackElo "1702"]
[BlackRD "70"]
[GameID "141823"]

1. e4 c5 2. Nc3 Nc6 3. f4 g6 4. Nf3 Bg7 5. Bb5 Nd4 6. O-O Nxb5 7. Nxb5 d5 8. exd5 a6 9. Nc3 Bg4 10. h3 Bd7
11. Ne5 Nf6 12. d3 O-O 13. Be3 b6 14. Nxd7 Qxd7 15. Qf3 Rfd8
0-1

[Event "To Bind or Not to Bind"]
[Site "SchemingMind.com"]
[Date "2008.02.13"]
[Round "-"]
[White "Rhel"]
[Black "AaronB"]
[Result "1-0"]
[WhiteCountry "GBR"]
[BlackCountry "USA"]
[WhiteElo "2191"]
[WhiteRD "94"]
[BlackElo "1714"]
[BlackRD "65"]
[GameID "141824"]

1. e4 c5 2. Nc3 Nc6 3. f4 g6 4. Nf3 Bg7 5. Bb5 Nd4 6. O-O Nxb5 7. Nxb5 d5 8. exd5 a6 9. Nc3 Nf6 10. d4 c4
11. Qe2 b5 12. Bd2 O-O 13. Rae1 Ra7 14. a3 Bf5 15. Ne5 Qd6 16. Nc6 Rc7 17. Nxe7+ Kh8 18. Nxf5 gxf5 19. Qf3 Re8 20. Re5 Rce7
21. h3 Nd7 22. Rxe7 Rxe7 23. Ne2 Nf6 24. Bb4
1-0

[Event "To Bind or Not to Bind"]
[Site "SchemingMind.com"]
[Date "2008.02.14"]
[Round "-"]
[White "gryg91"]
[Black "AaronB"]
[Result "0-1"]
[WhiteCountry "POL"]
[BlackCountry "USA"]
[WhiteElo "1184"]
[WhiteRD "133"]
[BlackElo "1714"]
[BlackRD "65"]
[GameID "141825"]

1. e4 c5 2. Nc3 d6 3. Nf3 Nc6 4. d4 cxd4 5. Nxd4 Nf6 6. f3 e5 7. Nb3 Be6 8. Nd5 Be7 9. c4 O-O 10. Be2 a5
0-1

[Event "To Bind or Not to Bind"]
[Site "SchemingMind.com"]
[Date "2008.02.14"]
[Round "-"]
[White "mmccaffe"]
[Black "AaronB"]
[Result "0-1"]
[WhiteCountry "USA"]
[BlackCountry "USA"]
[WhiteElo "1560"]
[WhiteRD "54"]
[BlackElo "1671"]
[BlackRD "71"]
[GameID "141893"]

1. Nf3 d5 2. g3 Nf6 3. Bg2 c6 4. O-O Bf5 5. d3 e6 6. Nh4 Bg4 7. h3 Bh5 8. g4 Bg6 9. Nxg6 hxg6 10. Nd2 Bd6
11. e4 Nbd7 12. f4 dxe4 13. dxe4 Bc5+ 14. Kh1 Qc7 15. e5 Nd5 16. c4 Ne3 17. Qf3 Nxf1 18. Nxf1 O-O-O 19. Ne3 Nb6 20. f5 gxf5
21. gxf5 Qxe5
0-1

[Event "To Bind or Not to Bind"]
[Site "SchemingMind.com"]
[Date "2008.02.14"]
[Round "-"]
[White "mmccaffe"]
[Black "Rhel"]
[Result "0-1"]
[WhiteCountry "USA"]
[BlackCountry "GBR"]
[WhiteElo "1634"]
[WhiteRD "50"]
[BlackElo "2221"]
[BlackRD "98"]
[GameID "141895"]

1. Nf3 c5 2. g3 g6 3. Bg2 Bg7 4. c4 Nc6 5. O-O Nf6 6. Nc3 O-O 7. d3 d6 8. Bd2 Bd7 9. Ng5 Qb6 10. Qb3 Qxb3
11. axb3 a6 12. Nce4 Nxe4 13. Nxe4 Nd4 14. Bc3 Nxe2+ 15. Kh1 Nd4 16. Ng5 h6 17. Bxb7 Ra7 18. Nxf7 Rxb7
0-1

[Event "To Bind or Not to Bind"]
[Site "SchemingMind.com"]
[Date "2008.02.14"]
[Round "-"]
[White "AaronB"]
[Black "mmccaffe"]
[Result "1-0"]
[WhiteCountry "USA"]
[BlackCountry "USA"]
[WhiteElo "1671"]
[WhiteRD "71"]
[BlackElo "1560"]
[BlackRD "54"]
[GameID "141897"]

1. e4 e5 2. f4 Bc5 3. Nf3 d6 4. Bc4 Nf6 5. fxe5 Nxe4 6. d4 Bb6 7. Bd5 Bf5 8. Bxb7 Nd7 9. Bxa8 Qxa8 10. O-O dxe5
11. c3 exd4 12. cxd4 O-O 13. Kh1
1-0

[Event "To Bind or Not to Bind"]
[Site "SchemingMind.com"]
[Date "2008.02.14"]
[Round "-"]
[White "Louis Lima"]
[Black "mmccaffe"]
[Result "0-1"]
[WhiteCountry "ESP"]
[BlackCountry "USA"]
[WhiteElo "1551"]
[WhiteRD "70"]
[BlackElo "1630"]
[BlackRD "50"]
[GameID "141898"]

1. d4 Nf6 2. Nf3 g6 3. g3 Bg7 4. Bg2 O-O 5. O-O d6 6. c4 Nbd7 7. Nc3 e5 8. e4 exd4 9. Nxd4 a5 10. h3 Re8
11. Be3 Nc5
0-1

[Event "To Bind or Not to Bind"]
[Site "SchemingMind.com"]
[Date "2008.02.15"]
[Round "-"]
[White "Rhel"]
[Black "mmccaffe"]
[Result "1-0"]
[WhiteCountry "GBR"]
[BlackCountry "USA"]
[WhiteElo "2230"]
[WhiteRD "85"]
[BlackElo "1587"]
[BlackRD "55"]
[GameID "141899"]

1. e4 e5 2. Nf3 Nc6 3. d4 exd4 4. Bc4 Bc5 5. c3 d3 6. b4 Bb6 7. O-O d6 8. Bxd3 Nf6 9. Nbd2 Bg4 10. Nc4 O-O
11. h3 Be6 12. a4 a6 13. Re1 Ne5 14. Ncxe5 dxe5 15. a5 Ba7 16. Nxe5 c5 17. Nf3 cxb4 18. cxb4 Rc8 19. e5 Nd5 20. Bd2 Qd7
21. Ng5 h6 22. Ne4 Rfd8 23. Nd6 Nc3 24. Qf3 Nb5 25. Bxb5 axb5 26. Nxc8 Rxc8 27. Be3 Bxe3 28. Qxe3 Rc4 29. Rad1 Qc7 30. Rd4 Rc2
31. Red1 Rc3 32. Rd8+ Kh7 33. Qe4+ g6 34. Qf4 Kg7 35. Qf6+
1-0

[Event "To Bind or Not to Bind"]
[Site "SchemingMind.com"]
[Date "2008.02.15"]
[Round "-"]
[White "cnbcad"]
[Black "AaronB"]
[Result "0-1"]
[WhiteCountry "USA"]
[BlackCountry "USA"]
[WhiteElo "1503"]
[WhiteRD "59"]
[BlackElo "1671"]
[BlackRD "71"]
[GameID "142094"]

1. e4 c5 2. Nf3 d6 3. d4 cxd4 4. Qxd4 Nc6 5. Bb5 Bd7 6. Bxc6 Bxc6 7. O-O e5 8. Qc4 a6 9. Re1 Nf6 10. Rd1 Nxe4
11. Nxe5 Qf6 12. Nf3 Rc8 13. Re1 d5 14. Qd3 h6 15. Nc3 Qf5 16. Nd4 Qxf2+
0-1

[Event "To Bind or Not to Bind"]
[Site "SchemingMind.com"]
[Date "2008.02.17"]
[Round "-"]
[White "cnbcad"]
[Black "Louis Lima"]
[Result "1/2-1/2"]
[WhiteCountry "USA"]
[BlackCountry "ESP"]
[WhiteElo "1556"]
[WhiteRD "54"]
[BlackElo "1597"]
[BlackRD "68"]
[GameID "142095"]

1. c4 g5 2. d4 h6 3. Nc3 Bg7 4. e3 c5 5. Nf3 cxd4 6. exd4 d6 7. h3 Nc6 8. Be2 Nf6 9. d5 Nb8 10. b3 Ne4
11. Bb2 Nxc3 12. Qc2 Qa5 13. Nd2 O-O 14. Bxc3 Bxc3 15. Rd1 Nd7=
1/2-1/2

[Event "To Bind or Not to Bind"]
[Site "SchemingMind.com"]
[Date "2008.02.17"]
[Round "-"]
[White "cnbcad"]
[Black "Rhel"]
[Result "0-1"]
[WhiteCountry "USA"]
[BlackCountry "GBR"]
[WhiteElo "1558"]
[WhiteRD "49"]
[BlackElo "2201"]
[BlackRD "97"]
[GameID "142096"]

1. e4 c5 2. Nf3 g6 3. c3 Nc6 4. Bc4 Nf6 5. Ng5 e6 6. O-O Bg7 7. d3 O-O 8. Qf3 h6 9. Nh3 d5 10. exd5 exd5
11. Bb3 Ne5 12. Qg3 Nh5 13. Qe3 d4 14. cxd4 cxd4 15. Qe2 Bxh3 16. gxh3 Rc8 17. Nd2 Nf4 18. Qe4 Qg5+ 19. Kh1 Nexd3 20. Ba4 Nxc1
21. Raxc1 Rxc1 22. Rxc1 Nxh3 23. Qe2 d3 24. Qe3 Qg4 25. Ne4 Qxe4+ 26. Qxe4 Nxf2+ 27. Kg2 Nxe4 28. Rd1 Rd8 29. Bb5 d2 30. Kf3 f5
31. Ke3 Bxb2 32. Bd3 Bc1
0-1

[Event "To Bind or Not to Bind"]
[Site "SchemingMind.com"]
[Date "2008.02.20"]
[Round "-"]
[White "cnbcad"]
[Black "mmccaffe"]
[Result "1/2-1/2"]
[WhiteCountry "USA"]
[BlackCountry "USA"]
[WhiteElo "1564"]
[WhiteRD "57"]
[BlackElo "1634"]
[BlackRD "50"]
[GameID "142097"]

1. e4 e5 2. Nf3 Nc6 3. Bc4 Bc5 4. c3 Nf6 5. a4 O-O 6. b4 Be7 7. d3 d6 8. a5 Bg4 9. b5 Nb8 10. h3 Be6
11. Bxe6 fxe6 12. Bg5 h6 13. Bh4 Nbd7 14. Bxf6 Bxf6 15. O-O=
1/2-1/2

[Event "To Bind or Not to Bind"]
[Site "SchemingMind.com"]
[Date "2008.02.15"]
[Round "-"]
[White "AaronB"]
[Black "cnbcad"]
[Result "1-0"]
[WhiteCountry "USA"]
[BlackCountry "USA"]
[WhiteElo "1671"]
[WhiteRD "71"]
[BlackElo "1503"]
[BlackRD "59"]
[GameID "142099"]

1. e4 c6 2. d4 d5 3. Nc3 dxe4 4. Nxe4 Bf5 5. Ng3 Bg6 6. h4 f6 7. Bc4 b5 8. Bb3 Qd7 9. Nf3 e6 10. O-O Bd6
11. Ne2 Ne7 12. Nf4 O-O 13. Bxe6+
1-0

[Event "To Bind or Not to Bind"]
[Site "SchemingMind.com"]
[Date "2008.02.17"]
[Round "-"]
[White "Louis Lima"]
[Black "cnbcad"]
[Result "1/2-1/2"]
[WhiteCountry "ESP"]
[BlackCountry "USA"]
[WhiteElo "1597"]
[WhiteRD "68"]
[BlackElo "1556"]
[BlackRD "54"]
[GameID "142100"]

1. e4 e5 2. Nf3 Nc6 3. Bb5 f5 4. Bxc6 dxc6 5. Nxe5 Qd4 6. Nf3 Qxe4+ 7. Qe2 Qxe2+ 8. Kxe2 Be6 9. Re1 O-O-O 10. Kf1 Bd5
11. Ng5 h6 12. Ne6 Bxe6 13. Rxe6 Bd6 14. d3 Ne7 15. Nc3=
1/2-1/2

[Event "To Bind or Not to Bind"]
[Site "SchemingMind.com"]
[Date "2008.02.17"]
[Round "-"]
[White "Rhel"]
[Black "cnbcad"]
[Result "1-0"]
[WhiteCountry "GBR"]
[BlackCountry "USA"]
[WhiteElo "2191"]
[WhiteRD "94"]
[BlackElo "1635"]
[BlackRD "50"]
[GameID "142101"]

1. e4 e5 2. Nf3 Nc6 3. d4 exd4 4. Bc4 Bc5 5. c3 Nf6 6. cxd4 Bb4+ 7. Nc3 Nxe4 8. O-O Nxc3 9. bxc3 Bxc3 10. Bxf7+ Kxf7
11. Bg5 Qe8 12. Qb3+ Kg6 13. Qxc3 d5 14. Rfe1 Qd7 15. Qd3+ Qf5 16. Nh4+
1-0

[Event "To Bind or Not to Bind"]
[Site "SchemingMind.com"]
[Date "2008.02.20"]
[Round "-"]
[White "mmccaffe"]
[Black "cnbcad"]
[Result "1/2-1/2"]
[WhiteCountry "USA"]
[BlackCountry "USA"]
[WhiteElo "1634"]
[WhiteRD "50"]
[BlackElo "1564"]
[BlackRD "57"]
[GameID "142102"]

1. e4 e5 2. Nf3 Nc6 3. Bb5 a6 4. Ba4 Nf6 5. O-O b5 6. Bb3 Bb7 7. d3 Bc5 8. h3 O-O 9. c3 h6 10. Nbd2 d6
11. Re1 Ne7 12. Nf1 Bb6 13. Be3 Bxe3 14. fxe3 a5 15. Ng3 a4 16. Bc2 Bc8=
1/2-1/2

[Event "To Bind or Not to Bind"]
[Site "SchemingMind.com"]
[Date "2008.02.17"]
[Round "-"]
[White "SLAINTIE MHATH"]
[Black "cnbcad"]
[Result "1/2-1/2"]
[WhiteCountry "POL"]
[BlackCountry "USA"]
[WhiteElo "1591"]
[WhiteRD "45"]
[BlackElo "1556"]
[BlackRD "54"]
[GameID "142297"]

1. Nf3 d5 2. c4 d4 3. e3 c5 4. exd4 cxd4 5. c5 Nc6 6. Bb5 a6 7. Qa4 Bd7 8. Bxc6 Bxc6 9. Qxd4 Qxd4 10. Nxd4 Bxg2
11. Rg1 Bd5 12. Nc3 e6 13. b4 Nf6 14. Bb2 g6 15. O-O-O Bg7 16. Nxd5 exd5 17. Rde1+ Kf8 18. c6 bxc6 19. Re2 Nh5 20. Kb1 Bf6
21. Nxc6 Kg7 22. Bxf6+ Nxf6 23. Re7 d4 24. Rg5 Rhe8 25. Rxe8 Rxe8 26. Nxd4 Ne4=
1/2-1/2

[Event "To Bind or Not to Bind"]
[Site "SchemingMind.com"]
[Date "2008.02.16"]
[Round "-"]
[White "SLAINTIE MHATH"]
[Black "AaronB"]
[Result "0-1"]
[WhiteCountry "POL"]
[BlackCountry "USA"]
[WhiteElo "1653"]
[WhiteRD "49"]
[BlackElo "1671"]
[BlackRD "71"]
[GameID "142298"]

1. Nf3 d5 2. c4 c6 3. b3 Nf6 4. Bb2 e6 5. cxd5 cxd5 6. e3 Bd6 7. Bb5+ Bd7 8. Bxd7+ Nbxd7 9. O-O O-O 10. Na3 a6
11. Nc2 Rc8 12. Rc1 Nc5 13. Nce1 Nfd7 14. Qc2 Ne4 15. Qd3 Qa5 16. Rxc8 Rxc8 17. Qd4 Ndf6 18. g4 Qc5 19. Nd3 Qxd4 20. exd4 Nxg4
21. Rc1 Rxc1+ 22. Bxc1 f6 23. h3 Nh6 24. Kf1 b6 25. a3 Nf5 26. Ke2 g5 27. Kf1 Kf7 28. b4 h5 29. Ng1 Nxd4 30. f3 Ng3+
31. Kf2 h4 32. Bb2 Nc6 33. Ne2 Nxe2 34. Kxe2 e5 35. Ne1 b5 36. Nd3 a5 37. Bc3 axb4 38. axb4 d4 39. Bb2 Nxb4 40. Nxb4 Bxb4
41. d3 Ke6 42. Kf2 Kd5 43. Ke2 Kc5 44. Kd1 Ba5 45. Kc2 Bc3 46. Bc1 b4 47. Kb3 Kd5 48. Kc2 Ke6 49. Bb2 f5 50. Bc1 g4
51. Bg5 gxh3 52. Bxh4 h2 53. Bg5 h1=Q 54. f4 e4 55. dxe4 Qxe4+ 56. Kb3 Qd5+ 57. Ka4 Qa2+ 58. Kb5 Kd5 59. Be7 b3 60. Bb4 Bxb4
61. Kb6 Qa5+ 62. Kb7 Kd6 63. Kb8 Kc6 64. Kc8 Qc7#
0-1

[Event "To Bind or Not to Bind"]
[Site "SchemingMind.com"]
[Date "2008.02.17"]
[Round "-"]
[White "SLAINTIE MHATH"]
[Black "Louis Lima"]
[Result "0-1"]
[WhiteCountry "POL"]
[BlackCountry "ESP"]
[WhiteElo "1591"]
[WhiteRD "45"]
[BlackElo "1597"]
[BlackRD "68"]
[GameID "142299"]

1. Nf3 Nf6 2. g3 g6 3. b3 Bg7 4. Bb2 O-O 5. d3 b6 6. Bg2 Bb7 7. O-O d6 8. e4 Nbd7 9. Re1 e5 10. d4 exd4
11. Qxd4 Ne8 12. e5 Nxe5 13. Nxe5 Bxg2 14. Kxg2 Bxe5 15. Rxe5 dxe5 16. Qxe5 f6 17. Qe6+ Kg7 18. Na3 Qd6 19. Qe4 c6 20. Qe3 Qd5+
21. f3 Nd6 22. c4 Nf5 23. Qf4 Qe6 24. Bc3 Qd6 25. Qxd6 Nxd6 26. Rd1 Rfd8 27. g4 Nf7 28. Rxd8 Rxd8 29. Kg3 Rd3 30. Nb1 Ne5
31. Bxe5 fxe5 32. Kf2 Rd1 33. Nc3 Rd2+ 34. Kg3 Rc2 35. Ne4 Rxa2 36. Nd6 Rb2 37. Nc8 Rxb3 38. Nxa7 c5 39. Nc6 Kf6 40. h4 Rc3
41. Nb8 Ke6 42. Nc6 Rxc4 43. Na5 Rc3 44. h5 bxa5 45. hxg6 hxg6 46. g5 Kf5
0-1

[Event "To Bind or Not to Bind"]
[Site "SchemingMind.com"]
[Date "2008.02.17"]
[Round "-"]
[White "SLAINTIE MHATH"]
[Black "Rhel"]
[Result "0-1"]
[WhiteCountry "POL"]
[BlackCountry "GBR"]
[WhiteElo "1608"]
[WhiteRD "49"]
[BlackElo "2191"]
[BlackRD "94"]
[GameID "142300"]

1. Nf3 c5 2. g3 g6 3. d4 cxd4 4. Qxd4 Nf6 5. Nc3 Nc6 6. Qd1 Bg7 7. Bg2 O-O 8. Bf4 d6 9. h3 e5 10. Bg5 Be6
11. O-O d5 12. Nd2 h6 13. Bxf6 Bxf6 14. e3 Rc8 15. Nb3 e4 16. f3 Qb6 17. Qd2 Rfd8 18. Na4 Qc7 19. fxe4 dxe4 20. Qf2 Be5
21. g4 f5 22. Nac5 Bc4 23. gxf5 Bg3
0-1

[Event "To Bind or Not to Bind"]
[Site "SchemingMind.com"]
[Date "2008.02.20"]
[Round "-"]
[White "SLAINTIE MHATH"]
[Black "mmccaffe"]
[Result "1/2-1/2"]
[WhiteCountry "POL"]
[BlackCountry "USA"]
[WhiteElo "1591"]
[WhiteRD "45"]
[BlackElo "1576"]
[BlackRD "52"]
[GameID "142301"]

1. Nf3 Nf6 2. g3 g6 3. b3 Bg7 4. Bb2 O-O 5. Bg2 d6 6. h3 e5 7. O-O Nc6 8. d3 Nh5 9. Nbd2 f5 10. e4 f4=
1/2-1/2

[Event "To Bind or Not to Bind"]
[Site "SchemingMind.com"]
[Date "2008.02.17"]
[Round "-"]
[White "cnbcad"]
[Black "SLAINTIE MHATH"]
[Result "0-1"]
[WhiteCountry "USA"]
[BlackCountry "POL"]
[WhiteElo "1556"]
[WhiteRD "54"]
[BlackElo "1591"]
[BlackRD "45"]
[GameID "142303"]

1. e4 e5 2. Nf3 d6 3. d4 Bg4 4. d5 Be7 5. h3 Bxf3 6. Qxf3 a6 7. Qb3 b6 8. Qa4+ Qd7 9. Bb5 Qxb5 10. Qxb5+ axb5
11. Nc3 b4 12. Nb5 Kd7 13. c3 bxc3 14. Nxc3 Na6 15. O-O Nb4 16. Be3 Nc2 17. Rac1 Nxe3 18. fxe3 Nf6 19. Nb5 Rhc8 20. a3 Nxe4
21. Rxf7 Ng3 22. Kf2 Ne4+ 23. Kg1 Ra5 24. Nc3 Nxc3 25. Rxc3 Rxd5 26. Rxg7 Rf8 27. Rxh7 Rd1+ 28. Kh2 Rf2 29. e4 Rxb2 30. Rf3 Rdd2
31. Rg3 Ke8 32. Rg8+ Bf8 33. Rhh8 Rf2
0-1

[Event "To Bind or Not to Bind"]
[Site "SchemingMind.com"]
[Date "2008.02.16"]
[Round "-"]
[White "AaronB"]
[Black "SLAINTIE MHATH"]
[Result "0-1"]
[WhiteCountry "USA"]
[BlackCountry "POL"]
[WhiteElo "1671"]
[WhiteRD "71"]
[BlackElo "1653"]
[BlackRD "49"]
[GameID "142304"]

1. e4 e5 2. f4 exf4 3. Nf3 Bb4 4. c3 Be7 5. d4 g5 6. h3 h5 7. Ne5 g4 8. hxg4 Bh4+ 9. Ke2 d6 10. Nf3 Bxg4
11. Bxf4 Qe7 12. Qd3 Nd7 13. Ke3 Bxf3 14. gxf3 Bg5 15. Nd2 Bxf4+ 16. Kxf4 O-O-O 17. Bg2 h4 18. Bh3 Rh5 19. Rag1 Nh6 20. Rg2 Rg8
21. Rxg8+ Nxg8 22. Rg1 Nh6 23. Ke3 Rg5 24. Qf1 f5 25. Rxg5 Qxg5+ 26. Kd3 fxe4+ 27. fxe4 Qg3+ 28. Kc2 Ng4 29. Bxg4 Qxg4 30. Qh1 h3
31. Qf3 Qg2 32. Qxg2 hxg2 33. Nf3 Nf6 34. Kd3 Nh5 35. Ke3 Kd7 36. Kf2 Nf4 37. Kg3 Nd3 38. b4 Nc1 39. a3 Ne2+ 40. Kxg2 Nxc3
41. Nd2 Ke6 42. Kf3 d5 43. exd5+ Kxd5 44. Ke3 b6 45. Kd3 Nb5 46. a4 Nxd4 47. Kc3 Ne2+ 48. Kd3 Nc1+ 49. Kc3 Na2+ 50. Kb3 Nc1+
51. Kc3 a6 52. Nf3 c5 53. b5 axb5 54. axb5 Ne2+ 55. Kd3 Nd4 56. Nxd4 cxd4 57. Kc2 Kc4 58. Kd2 Kxb5 59. Kd3 Kc5 60. Kc2 Kc4
61. Kd2 d3 62. Kd1 Kc3 63. Ke1 Kc2
0-1

[Event "To Bind or Not to Bind"]
[Site "SchemingMind.com"]
[Date "2008.02.17"]
[Round "-"]
[White "Louis Lima"]
[Black "SLAINTIE MHATH"]
[Result "1/2-1/2"]
[WhiteCountry "ESP"]
[BlackCountry "POL"]
[WhiteElo "1597"]
[WhiteRD "68"]
[BlackElo "1591"]
[BlackRD "45"]
[GameID "142305"]

1. d4 d6 2. Nf3 g6 3. e4 Bg4 4. h3 Bxf3 5. Qxf3 Bg7 6. Bc4 e6 7. c3 Ne7 8. O-O Qd7 9. Be3 O-O 10. Nd2 b5
11. Bd3 a6 12. e5 d5 13. c4 bxc4 14. Bxc4 Nbc6 15. Bb3 Nb4 16. Qe2 Nf5 17. Nf3 Qb5 18. Qxb5 axb5 19. Bd2 Nc6 20. Be3 Nb4
21. Bd2=
1/2-1/2

[Event "To Bind or Not to Bind"]
[Site "SchemingMind.com"]
[Date "2008.02.17"]
[Round "-"]
[White "Rhel"]
[Black "SLAINTIE MHATH"]
[Result "1-0"]
[WhiteCountry "GBR"]
[BlackCountry "POL"]
[WhiteElo "2191"]
[WhiteRD "94"]
[BlackElo "1608"]
[BlackRD "49"]
[GameID "142306"]

1. e4 c5 2. Nc3 Nc6 3. f4 e6 4. Nf3 a6 5. g3 b5 6. Bg2 Bb7 7. O-O Nd4 8. d3 h6 9. e5 Rb8 10. Ne4 Nxf3+
11. Bxf3 Bxe4 12. Bxe4 d5 13. exd6 Bxd6 14. Bc6+ Kf8 15. a4 Ne7 16. Be4 Qb6 17. axb5 axb5 18. Qe2 Nf5 19. Bd2 Nd4 20. Qf2 f5
21. Bg2 Nxc2 22. Ba5 Qd8 23. Bxd8 Nxa1 24. Bc7
1-0

[Event "To Bind or Not to Bind"]
[Site "SchemingMind.com"]
[Date "2008.02.19"]
[Round "-"]
[White "mmccaffe"]
[Black "SLAINTIE MHATH"]
[Result "1-0"]
[WhiteCountry "USA"]
[BlackCountry "POL"]
[WhiteElo "1634"]
[WhiteRD "50"]
[BlackElo "1589"]
[BlackRD "54"]
[GameID "142307"]

1. e4 e5 2. Nf3 Nf6 3. Nxe5 Nxe4 4. d4 Qf6 5. Qf3 Qxf3 6. Nxf3 d5 7. Nbd2 Bd6 8. Bd3 Bf5 9. O-O h6 10. Nxe4 Bxe4
11. Bxe4 c6 12. Bf5 O-O 13. Re1 Na6 14. Bd2 Bb4 15. c3 Bd6 16. Ne5 c5 17. dxc5 Nxc5 18. Re2 Rae8 19. Rae1 Re7 20. Nf3 Rfe8
21. Rxe7 Rxe7 22. Rxe7 Bxe7 23. Nd4 a6 24. f3 g6 25. Bc2 Kh7 26. Bb3 Nd3 27. Bxd5 Nxb2 28. Bxb7 a5 29. Nb3 Bd8 30. Bc6 Nc4
31. Be1 Ne5 32. Nd4 Kg7 33. Bg3 Nc4 34. Ba4 Bf6 35. Bc7 Kf8 36. Kf2 Nb2 37. Bb3 Bxd4+ 38. cxd4 Ke7 39. d5 Nd3+ 40. Ke3 Ne1
41. d6+
1-0

[Event "To Bind or Not to Bind"]
[Site "SchemingMind.com"]
[Date "2008.02.17"]
[Round "-"]
[White "Rotceh"]
[Black "cnbcad"]
[Result "1-0"]
[WhiteCountry "MEX"]
[BlackCountry "USA"]
[WhiteElo "1561"]
[WhiteRD "70"]
[BlackElo "1558"]
[BlackRD "49"]
[GameID "142377"]

1. e4 e5 2. Nf3 Nc6 3. d4 exd4 4. Nxd4 Nxd4 5. Qxd4 d6 6. Bc4 c5 7. Qd5 Be6 8. Bb5+ Bd7 9. Qxb7 Bxb5 10. Qxb5+ Qd7
11. Qxd7+ Kxd7 12. Nc3 Nf6 13. Bf4 Nh5 14. Be3 f5 15. exf5 Re8 16. O-O-O g6 17. fxg6 hxg6 18. Bxc5 Kc6 19. Bxa7 Bg7 20. Bd4 Bxd4
21. Rxd4 Rhf8 22. f3
1-0

[Event "To Bind or Not to Bind"]
[Site "SchemingMind.com"]
[Date "2008.02.17"]
[Round "-"]
[White "Rotceh"]
[Black "AaronB"]
[Result "1-0"]
[WhiteCountry "MEX"]
[BlackCountry "USA"]
[WhiteElo "1603"]
[WhiteRD "72"]
[BlackElo "1702"]
[BlackRD "70"]
[GameID "142378"]

1. e4 c5 2. d4 cxd4 3. Qxd4 Nc6 4. Qe3 Nf6 5. Be2 e5 6. Nf3 d5 7. exd5 Nxd5 8. Qd3 h6 9. c4 Nf6 10. Qxd8+ Kxd8
11. O-O Be6 12. Rd1+ Kc7 13. Nc3 Rd8 14. Be3 Bb4 15. Nb5+ Kb8 16. a3 Ba5 17. b4 Bb6 18. Bxb6 axb6 19. Nc3 e4 20. Ne1 Ne5
21. Na4 Bxc4 22. Rxd8+ Rxd8 23. Bd1 Ka7 24. Nb2 Rd2 25. Nxc4 Nxc4 26. Bb3 Ne5 27. h3 g5 28. Rd1 Rxd1 29. Bxd1 Nfd7 30. f3 exf3
31. Bxf3 Nxf3+ 32. Nxf3 Kb8 33. a4 Kc7 34. Kf2 Kd6 35. Ke3 Kd5 36. Kd3 Ne5+ 37. Nxe5 Kxe5 38. Kc4 Kd6 39. g4 f6 40. Kd4 Ke6
41. Ke4 f5+ 42. gxf5+ Kf6 43. a5 h5 44. axb6 h4 45. b5 g4 46. hxg4 Ke7 47. g5 Kf7 48. Kf4 h3 49. Kg3
1-0

[Event "To Bind or Not to Bind"]
[Site "SchemingMind.com"]
[Date "2008.02.18"]
[Round "-"]
[White "Rotceh"]
[Black "Louis Lima"]
[Result "0-1"]
[WhiteCountry "MEX"]
[BlackCountry "ESP"]
[WhiteElo "1561"]
[WhiteRD "70"]
[BlackElo "1571"]
[BlackRD "73"]
[GameID "142379"]

1. e4 c5 2. d4 cxd4 3. Qxd4 Nc6 4. Qa4 Nf6 5. Nc3 e6 6. Nf3 d6 7. Bb5 Bd7 8. O-O Be7 9. Qb3 O-O 10. Bf4 a6
11. Bc4 Na5
0-1

[Event "To Bind or Not to Bind"]
[Site "SchemingMind.com"]
[Date "2008.02.17"]
[Round "-"]
[White "Rotceh"]
[Black "Rhel"]
[Result "0-1"]
[WhiteCountry "MEX"]
[BlackCountry "GBR"]
[WhiteElo "1561"]
[WhiteRD "75"]
[BlackElo "2221"]
[BlackRD "98"]
[GameID "142380"]

1. Nc3 Nf6 2. e4 c5 3. Nf3 g6 4. Bc4 Bg7 5. d4 cxd4 6. Nxd4 Nc6 7. Be3 O-O 8. Qd2 Ng4 9. h3 Nxe3 10. fxe3 d6
11. O-O-O Bd7 12. Nf3 Ne5 13. Bb3 Rc8 14. Nd5 Nxf3 15. gxf3 e6 16. Nf4 Qb6 17. Nd3 a5 18. a3 Qxb3
0-1

[Event "To Bind or Not to Bind"]
[Site "SchemingMind.com"]
[Date "2008.02.17"]
[Round "-"]
[White "Rotceh"]
[Black "SLAINTIE MHATH"]
[Result "0-1"]
[WhiteCountry "MEX"]
[BlackCountry "POL"]
[WhiteElo "1545"]
[WhiteRD "70"]
[BlackElo "1653"]
[BlackRD "49"]
[GameID "142381"]

1. e4 e5 2. Nf3 d6 3. d4 Bg4 4. dxe5 Bxf3 5. gxf3 dxe5 6. Qxd8+ Kxd8 7. Bc4 Nc6 8. Bxf7 Nd4 9. Kd2 Nxf3+ 10. Ke3 Nd4
11. Rd1 Ke7 12. Bd5 Nxc2+ 13. Ke2 Nxa1 14. Bg5+ Ke8
0-1